Obálka Náhled e-knihy:
PDF Epub
Pro půjčování e-knih musíte být přihlášeni.
Jak si půjčit online?

Kruh /

Kriminální thriller, který se opět odehrává ve fiktivním městečku ve francouzských Pyrenejích, je druhou částí série s policejním vyšetřovatelem Martinem Servazem.

Uloženo v:
Série:Martin Servaz, část 2
Hlavní autor: Minier, Bernard, 1960- (Autor)
Další autoři: Žák, Jiří, 1946-2024 (Autor)
Médium: E-kniha
Jazyk:Czech
Vydáno: V Praze : XYZ, 2024
Vydání:Druhé vydání
Témata:
Příbuzné jednotky:Z cyklu:: Martin Servaz
Tagy:
Žádné tagy
LEADER 03132nam a2200493 i 4500
001 312572
003 CZ PrSKC
005 20260601215725.0
007 ta
008 241118s2024 xr e 000 f cze
015 |a cnb003641483 
020 |a 9788076836921  |q (vázáno) :  |c Kč 499,00 
035 |a (OCoLC)1483791453 
040 |a ABG001  |b cze  |e rda 
041 1 |a cze  |h fre 
072 7 |a 821.133.1-3  |x Francouzská próza, francouzsky psaná  |2 Konspekt 
080 |a 821.133.1-31  |2 MRF 
080 |a (0:82-312.4)  |2 MRF 
100 1 |a Minier, Bernard,  |d 1960-  |7 xx0192250  |4 aut 
240 1 0 |a Cercle.  |l Česky 
245 1 0 |a Kruh /  |c Bernard Minier ; překlad Jiří Žák 
250 |a Druhé vydání 
264 1 |a V Praze :  |b XYZ,  |c 2024 
300 |a 634 stran ;  |c 21 cm 
336 |a text  |b txt  |2 rdacontent 
337 |a bez média  |b n  |2 rdamedia 
338 |a svazek  |b nc  |2 rdacarrier 
500 |a Přeloženo z francouzštiny 
500 |a Údaj o vydání je chybný, správně má být: Třetí vydání 
520 2 |a Kriminální thriller, který se opět odehrává ve fiktivním městečku ve francouzských Pyrenejích, je druhou částí série s policejním vyšetřovatelem Martinem Servazem.  |b Uvnitř domu je nalezena mrtvá žena. Spoutaná a utopená ve vaně. U bazénu v zahradě sedí její žák a milenec, který je pod vlivem sedativ. Je to vrah? Na nic si nepamatuje... Marsac je zdánlivě klidné městečko v Pyrenejích, známé díky elitní univerzitě. Dokud ovšem není zavražděna jedna z přednášejících a dokud není o pár dní později nalezeno tělo místního chovatele psů, které roztrhali na kusy jeho vlastní zvířata. Kdo a proč rozpoutal v tomto univerzitním městečku šílenství smrti? Mohly by být vraždy dílem uprchlého sériového vraha? Stačí jeden tajemný email a telefonát a komisař Martin Servaz je vtažen do vyšetřování. Hlavním podezřelým se stane syn jeho bývalé lásky z místní univerzity. Když Servaze požádá, aby se případu ujal, nemůže odmítnout. Aby vrchní komisař Servaz případ vyřešil, musí se ponořit do své vlastní minulosti a znovu otevřít své staré rány. Nakladatelská anotace. 
655 7 |a francouzské romány  |7 fd132289  |2 czenas 
655 7 |a detektivní romány  |7 fd132010  |2 czenas 
655 7 |a thrillery (romány)  |7 fd184206  |2 czenas 
655 9 |a French fiction  |2 eczenas 
655 9 |a detective novels  |2 eczenas 
655 9 |a thrillers (novels)  |2 eczenas 
700 1 |a Žák, Jiří,  |d 1946-2024  |7 jk01152981  |4 trl 
787 0 8 |i Z cyklu:  |t Martin Servaz  |g 2 
900 |a ABA001  |b 20 
928 9 |a Albatros Media - XYZ 
044 |a xr 
910 |a RBIT002 
998 |d 415730  |a https://core.palmknihy.cz/api/books/415730/cover?sn0uck  |b https://core.palmknihy.cz/api/books/415730/cover/400?sn0uck  |c https://core.palmknihy.cz/api/books/415730/cover/50?sn0uck  |e 2027-02-20  |g 640  |i 9788076836921  |j https://core.palmknihy.cz/api/books/415730/preview.epub  |k https://core.palmknihy.cz/api/books/415730/preview.pdf  |l   |q 49  |r 1  |s https://www.palmknihy.cz/kniha/415730  |t ebook  |y 2024  |z 0  |v Martin Servaz  |w 2 
999 |d 312570